Welcome to the Holygrace Academy Library

Please use search bar below to get started

CHEMISTRY (Record no. 690)

MARC details
000 -LEADER
fixed length control field 00278nam a22001217a 4500
082 ## - DEWEY DECIMAL CLASSIFICATION NUMBER
Classification number 540
Item number KUM/C
100 ## - MAIN ENTRY--AUTHOR NAME
Personal name CHANDANA KUMAR
245 ## - TITLE STATEMENT
Title CHEMISTRY
Remainder of title FOR CLASS XII
260 ## - PUBLICATION, DISTRIBUTION, ETC. (IMPRINT)
Place of publication DELHI
Name of publisher FULLMARKS PVT LTD
300 ## - PHYSICAL DESCRIPTION
Number of Pages 492
650 ## - SUBJECT ADDED ENTRY--TOPICAL TERM
Topical Term CHEMISTRY FOR CLASS XII
Geographic subdivision INDIA
942 ## - ADDED ENTRY ELEMENTS (KOHA)
Koha item type Books
Holdings
Withdrawn status Lost status Collection code Home library Current library Shelving location Date acquired Source of acquisition Cost, normal purchase price Full call number Accession Number Koha item type
    Reference Main Library Main Library SHELF-9 C XII CHEMISTRY 19/06/2023 purchase 560.00 540 KUM/C 12772 Books
    Reference Main Library Main Library SHELF-9 C XII CHEMISTRY 17/09/2015 purchase 440.00 540 KUM/C 00957 Books